000 00841nac a22002657a 4500
001 BR9700708
003 BR-BrBNA
005 20240105121838.0
008 230509b bl.|||m| |||| 00| 0 por d
040 _aBR-BrBNA
_bpor
_cBiblioteca Nacional de Agricultura
072 _aE14
090 _aE14 BR9700708
110 1 _aCompanhia de Desenvolvimento e Acao Regional, Salvador, BA (Brasil)
_92372
245 1 _aPolitica de desenvolvimento regional para o oeste da Bahia
260 3 _aSalvador, BA (Brasil):
_c1993.
300 _a68 p.
490 _aCadernos CAR (Brazil)
_vno. 1
_x
650 _aPolitica de Desenvolvimento
650 _aPlanejamento Regional
650 _aPlanejamento Economico
650 _aPolitica Governamental
650 _aBahia
909 _a202312
_bLúcia Elande
_c55
_dLúcia Elande
942 _2AGRIS
_n0
_cMS
999 _c287795
_d287795